000 00398nam a2200145Ia 4500
008 100122s9999 xx 000 0 und d
082 _b19152
_a823.08
100 _aकर्णिक मधु मंगेश
245 _aकेवडा
260 _bश्रीराम प्रकाशन
300 _a174
630 _aकेवडा
730 _aकेवडा
942 _cBOOK
999 _c408287
_d408284